Normal view MARC view

Entry Personal Name

Number of records used in: 1

001 - CONTROL NUMBER

  • control field: 24289

003 - CONTROL NUMBER IDENTIFIER

  • control field: OSt

005 - DATE AND TIME OF LATEST TRANSACTION

  • control field: 20210621135259.0

008 - FIXED-LENGTH DATA ELEMENTS

  • fixed length control field: 210621|| aca||aabn | a|a d

040 ## - CATALOGING SOURCE

  • Original cataloging agency: OSt
  • Transcribing agency: OSt

100 ## - HEADING--PERSONAL NAME

  • Personal name: Shepard, M., Betz, M. and Snyder, A.

670 ## - SOURCE DATA FOUND

  • Source citation: Work cat.: (OSt)516249: Shepard, M., Betz, M. and Snyder, A., The shale boom and family structure: Oil and gas employment growth relationship to marriage, divorce, and cohabitation

Powered by Koha